000
00269nam a2200109Ia 4500
008
230907s9999||||xx |||||||||||||| ||und||
082
_a
620.5
_b
HIG
100
_a
Seki, Shu,
_9
115212
245
0
_a
High-energy charged particles :
300
_a
x, 74 pages :
942
_c
BK
999
_c
597858
_d
597858